=LDR 00000nam 2200000 4500 =001 INLIS000000000058398 =005 20210921083023 =035 ##$$a 0010-0921000202 =007 ta =008 210921###########################0#ind## =020 ##$$a 979-511-744-0 =082 ##$$a 170 =084 ##$$a 170 Ber e =245 1#$$a Etika /$c K. Bertens =250 ##$$a cet 10 =300 ##$$a 328 halaman ; $c 21cm =650 #4$$a Etika =264 ##$$a Jakarta :$b Gramedia pustaka utama,$c 2007 =336 ##$$a teks$2 rdacontent =337 ##$$a lain-lain$2 rdamedia =338 ##$$a lain-lain$2 rdacarrier =990 ##$$a 10411041 =990 ##$$a 10421042